| 000 | 02646cam a22002891i 4500 | ||
|---|---|---|---|
| 003 | SA_RiAUC | ||
| 005 | 20241231084642.0 | ||
| 008 | 241230s2014____jo g 000 0dara c | ||
| 040 |
_aSA-JeALM _bara _cSA-RiAUC _dKAC _erda |
||
| 082 | 0 | 4 |
_a258.2 _qSA-RiAUC |
| 090 |
_a258.2 _bح ر ب |
||
| 100 | 1 |
_aالحربي، إبراهيم بن إسحاق بن بشير، _d198-285 هجري _eمؤلف. |
|
| 245 | 1 | 2 |
_aالتحرير في نظائر الفقه على مذهب الإمام مالك بن أنس رضي الله عنه / _cتأليف أبي إسحاق إبراهيم بن بشير ؛ اعتنى به جلال الجهاني. |
| 250 | _aالطبعة الأولى. | ||
| 264 | 1 |
_aعمان، الأردن : _bدار النور المبين للنشر والتوزيع، _c2014 |
|
| 300 |
_a183 صفحة ؛ _c24 × 17 سم |
||
| 336 |
_aنص _btxt _2rdacontent _3كتاب |
||
| 337 |
_aبدون وسيط _bn _2rdamedia |
||
| 338 |
_aمجلد _bnc _2rdacarrier |
||
| 504 | _aيشتمل على إرجاعات ببليوجرافية. | ||
| 520 | _a"كتاب التحرير في نظائر الفقه على مذهب الإمام مالك بن أنس" من تأليف أبي إسحاق إبراهيم بن بشير، هو مرجع فقهي مهم يركز على تناول المسائل المتشابهة أو المتناظرة في المذهب المالكي. يهدف الكتاب إلى تنظيم وفهم هذه المسائل عبر تجميع النظائر الفقهية – أي المسائل التي تشترك في العلة والحكم الشرعي – ضمن أبواب محددة، مما يسهل على الفقيه أو طالب العلم الوصول إلى أحكام متشابهة في قضايا مختلفة. يتميز الكتاب بمنهجه التحليلي، حيث يقدم شروحا لكل مسألة في إطار مقارن ضمن مذهب الإمام مالك، كما يعرض القواعد والأسس التي بنيت عليها الأحكام. ويشمل الكتاب مسائل من مختلف أبواب الفقه، مثل العبادات، والمعاملات، والأحوال الشخصية، والجنايات، مما يجعله مصدرا شاملا ومفيدا لفهم تعقيدات المذهب المالكي وتفسيره للقضايا الفقهية المتنوعة. | ||
| 600 | 1 | 7 |
_aالإمام مالك، مالك بن أنس بن مالك، _d93-179 هجري _xدين _2aucnm |
| 650 | 7 |
_aالفقه المالكي _2aucsh |
|
| 700 | 1 |
_aالجهاني، جلال علي القذافي _eمحقق. |
|
| 942 |
_2ddc _cBOOK _n0 |
||
| 949 |
_aSA-JeALM _d241230 _uosman123 _n1 |
||
| 999 |
_c4166 _d4166 |
||